| 000 | 01278cam a22002891 4500 | ||
|---|---|---|---|
| 001 | gs 30000179 | ||
| 003 | DLC | ||
| 005 | 20260227111334.0 | ||
| 008 | 780502s1929 xx 000 0 eng c | ||
| 010 | _ags 30000179 | ||
| 035 | _a(OCoLC)3855953 | ||
| 040 |
_aLibrary, U.S. Geological Survey _cOT _dTxU _dDLC |
||
| 042 | _apremarc | ||
| 050 | 0 | 0 |
_aQE105 _b.A16 no. 57 |
| 100 | 1 |
_aWanless, Harold R. _q(Harold Rollin), _d1899-1970. |
|
| 245 | 1 | 0 |
_aGeology and mineral resources of the Alexis quadrangle, _cby Harold R. Wanless. |
| 260 |
_aUrbana, _bPrinted by authority of the state of Illinois [Springfield, Jeffersons printing & stationery co.] _c1929. |
||
| 300 |
_a[3]-230 p. incl. illus., diagrs. _bVI fold. pl. (2 maps, 4 diagr.) 2 fold. tables. _c26 cm. |
||
| 490 | 1 |
_aIllinois. State geological survey. Bulletin _vno. 57 |
|
| 500 | _aAt head of title: State of Illinois. Department of registration and education. Division of the State geological survey. | ||
| 500 | _aFour folded plates (maps, and 2 diagrams) in pocket. | ||
| 504 | _aBibliographical references. | ||
| 650 | 0 |
_aGeology _zIllinois. |
|
| 650 | 0 |
_aMines and mineral resources _zIllinois. |
|
| 740 | 0 | _aAlexis quadrangle, Illinois. | |
| 830 | 0 |
_aBulletin (Illinois State Geological Survey) ; _vno. 57. |
|
| 999 |
_c26801 _d26801 |
||